[Event "Varginha Mineiro-ch"]
[Site "Varginha"]
[Date "2020.09.06"]
[Round "4"]
[White "Ramos, Bruce Vicente"]
[Black "Sampaio, Andre Luiz"]
[Result "1-0"]
[WhiteElo "2010"]
[BlackElo "1707"]
[PlyCount "91"]
[EventDate "2020.09.04"]
[EventType "swiss"]
[EventRounds "7"]
[EventCountry "BRA"]
[SourceTitle "EXT 2021"]
[Source "ChessBase"]
[SourceDate "2020.10.23"]
[SourceVersion "1"]
[SourceVersionDate "2020.10.23"]
[SourceQuality "1"]

1. d4 Nf6 2. Bg5 d5 3. Bxf6 exf6 4. e3 Bd6 5. c4 dxc4 6. Bxc4 0-0 7. Nf3 c5 8. d5 Nd7 9. Nc3 Nb6 10. Be2 Bg4 11. 0-0 Re8 12. h3 Bh5 13. Re1 Rc8 14. Qd2 Qe7 15. Red1 a6 16. Nh4 Bxe2 17. Nf5 Qe5 18. Nxd6 Bxd1 19. Nxc8 Nxc8 20. Rxd1 Nd6 21. Na4 Ne4 22. Qc2 Rd8 23. Nxc5 Nxc5 24. Qxc5 g5 25. b4 Kg7 26. d6 Rd7 27. a4 h5 28. Rd4 Qe6 29. b5 axb5 30. axb5 f5 31. Rd5 Kg6 32. g4 hxg4 33. hxg4 Qe4 34. gxf5+ Kh7 35. Qd4 Qf3 36. Re5 Rd8 37. d7 Rxd7 38. Qxd7 Qg4+ 39. Kf1 Qc4+ 40. Ke1 Qc3+ 41. Ke2 Qxe5 42. Qxf7+ Kh8 43. Qh5+ Kg8 44. Qxg5+ Kh8 45. Qh6+ Kg8 46. Qe6+ 1-0

[Event "Varginha Mineiro-ch"]
[Site "Varginha"]
[Date "2020.09.05"]
[Round "2"]
[White "Arango, Pedro Esteban"]
[Black "Ramos, Bruce Vicente"]
[Result "1/2-1/2"]
[WhiteElo "1605"]
[BlackElo "2010"]
[PlyCount "161"]
[EventDate "2020.09.04"]
[EventType "swiss"]
[EventRounds "7"]
[EventCountry "BRA"]
[SourceTitle "EXT 2021"]
[Source "ChessBase"]
[SourceDate "2020.10.23"]
[SourceVersion "1"]
[SourceVersionDate "2020.10.23"]
[SourceQuality "1"]

1. e4 Nc6 2. Nf3 e5 3. Bb5 Nd4 4. Nxd4 exd4 5. 0-0 g6 6. d3 Bg7 7. Qe2 c6 8. Bc4 Ne7 9. Bg5 0-0 10. Nd2 b5 11. Bb3 a5 12. a3 a4 13. Ba2 h6 14. Bh4 d6 15. f4 Qe8 16. Rae1 Kh7 17. f5 Be5 18. Bxe7 Qxe7 19. fxg6+ Kxg6 20. Nf3 Bf6 21. Rf2 Be6 22. Bxe6 fxe6 23. e5 dxe5 24. Qe4+ Kg7 25. Nxe5 Bxe5 26. Qxe5+ Kg8 27. Rxf8+ Rxf8 28. Qxe6+ Qxe6 29. Rxe6 Rf5 30. Rxc6 h5 31. Re6 Rc5 32. Re2 Kf7 33. h3 Kf6 34. g4 hxg4 35. hxg4 Kg5 36. Rg2 Rc7 37. Kf1 Rb7 38. Ke2 b4 39. Kf3 bxa3 40. bxa3 Re7 41. Re2 Rf7+ 42. Kg3 Rc7 43. Re5+ Kf6 44. Ra5 Rxc2 45. Rxa4 Ke5 46. Ra5+ Kd6 47. Kf3 Rc1 48. Ke4 Rg1 49. Rd5+ Ke6 50. Re5+ Kd6 51. Rg5 Ra1 52. Rd5+ Ke6 53. Ra5 Rg1 54. Ra6+ Ke7 55. Kf5 Rg3 56. g5 Rxd3 57. Ra7+ Kf8 58. g6 Rd1 59. g7+ Kg8 60. Ke4 d3 61. Ke3 d2 62. Ke2 Rg1 63. Kxd2 Rg3 64. a4 Kh7 65. a5 Kg8 66. a6 Ra3 67. Kc2 Ra5 68. Kb3 Ra1 69. Kb4 Rb1+ 70. Ka5 Ra1+ 71. Kb6 Rb1+ 72. Kc6 Ra1 73. Ra8+ Kxg7 74. Kb7 Kf7 75. Rc8 Rb1+ 76. Ka8 Ke7 77. Rc7+ Kd8 78. Rb7 Ra1 79. a7 Kc8 80. Rb2 Rc1 81. Rf2 1/2-1/2

[Event "Varginha Mineiro-ch"]
[Site "Varginha"]
[Date "2019.11.14"]
[Round "1"]
[White "Simas, Breno Matos"]
[Black "Ramos, Bruce Vicente"]
[Result "1-0"]
[WhiteElo "1608"]
[BlackElo "2037"]
[PlyCount "79"]
[EventDate "2019.11.14"]
[EventType "swiss"]
[EventRounds "7"]
[EventCountry "BRA"]
[SourceTitle "CBM 193 Extra"]
[Source "ChessBase"]
[SourceDate "2020.01.31"]
[SourceVersion "1"]
[SourceVersionDate "2020.01.31"]
[SourceQuality "1"]

1. d4 d5 2. c4 e6 3. Nf3 Nf6 4. g3 Bb4+ 5. Bd2 Be7 6. Bg2 0-0 7. 0-0 b6 8. cxd5 exd5 9. Nc3 Bb7 10. Rc1 Nbd7 11. Bf4 c5 12. dxc5 Nxc5 13. Nd4 Nfe4 14. Nf5 Bf6 15. Nxe4 dxe4 16. b4 Qxd1 17. Rfxd1 Na4 18. Nd6 g5 19. Bd2 e3 20. Nxb7 exd2 21. Rxd2 Rac8 22. Rxc8 Rxc8 23. Rd7 Rc1+ 24. Bf1 Nc3 25. Kg2 Nxa2 26. Nd6 Nxb4 27. Nxf7 a5 28. Nh6+ Kh8 29. Nf7+ Kg7 30. Nxg5+ Kg6 31. Ne4 a4 32. Ra7 b5 33. e3 Bb2 34. Bxb5 a3 35. g4 Rc8 36. f4 Rg8 37. h4 Rh8 38. Kh3 Rg8 39. f5+ Kh6 40. g5+ 1-0

[Event "Sudeste/Centro-Oeste-ch U2000"]
[Site "Barbacena"]
[Date "2019.10.26"]
[Round "4"]
[White "Soares, Joao Carlos TC"]
[Black "Ramos, Bruce Vicente"]
[Result "1/2-1/2"]
[WhiteElo "2034"]
[BlackElo "2037"]
[PlyCount "118"]
[EventDate "2019.10.25"]
[EventType "swiss"]
[EventRounds "6"]
[EventCountry "BRA"]
[SourceTitle "CBM 193 Extra"]
[Source "ChessBase"]
[SourceDate "2020.01.31"]
[SourceVersion "1"]
[SourceVersionDate "2020.01.31"]
[SourceQuality "1"]

1. e4 d5 2. exd5 Qxd5 3. Nc3 Qd8 4. g3 e5 5. Bg2 Nf6 6. d3 Bd6 7. h3 c6 8. Nge2 0-0 9. 0-0 Be6 10. Re1 Qc8 11. Kh2 Rd8 12. Ng1 Nbd7 13. Nf3 Qc7 14. Nh4 Be7 15. Qf3 Nd5 16. Nf5 Bxf5 17. Qxf5 Nb4 18. Re2 g6 19. Qf3 Nc5 20. Be3 Ne6 21. Rae1 Nd5 22. Nxd5 cxd5 23. c4 e4 24. dxe4 d4 25. Bf4 Qxc4 26. b3 Qa6 27. Bf1 d3 28. Re3 Nd4 29. Qd1 Qxa2 30. Rxd3 Qxf2+ 31. Bg2 Nf3+ 32. Qxf3 Qxe1 33. Rd5 Rac8 34. Bd2 Qb1 35. b4 Rxd5 36. exd5 Rc2 37. Bf4 Qb2 38. d6 Bd8 39. Qxb7 a6 40. h4 Rxg2+ 41. Qxg2 Qxg2+ 42. Kxg2 Kf8 43. Kf3 Ke8 44. Ke4 Kd7 45. Kd5 h5 46. Be3 f6 47. Bc5 g5 48. hxg5 fxg5 49. Ke5 h4 50. gxh4 gxh4 51. Kf4 Kc6 52. Kg4 a5 53. bxa5 Kxc5 54. d7 Kb5 55. a6 Kxa6 56. Kh3 Kb7 57. Kg4 Kc6 58. Kh3 Kd5 59. Kh2 Ke4 1/2-1/2

[Event "Sao Sebastiao do Paraiso op"]
[Site "Sao Sebastiao do Paraiso"]
[Date "2016.10.23"]
[Round "4"]
[White "Da Silva, Angelo Luiz"]
[Black "Ramos, Bruce Vicente"]
[Result "0-1"]
[WhiteElo "1954"]
[BlackElo "2004"]
[PlyCount "64"]
[EventDate "2016.10.21"]
[EventType "swiss"]
[EventRounds "5"]
[EventCountry "BRA"]
[SourceTitle "CBM 175 Extra"]
[Source "ChessBase"]
[SourceDate "2016.12.12"]
[SourceVersion "1"]
[SourceVersionDate "2016.12.12"]
[SourceQuality "1"]

1. d4 Nf6 2. Nf3 e6 3. g3 b6 4. Bg2 Bb7 5. 0-0 Be7 6. c4 0-0 7. Nc3 Ne4 8. Qc2 Nxc3 9. bxc3 f5 10. d5 Na6 11. Ne5 d6 12. Nd3 e5 13. e4 Bc8 14. f4 fxe4 15. Bxe4 Bh3 16. Re1 g6 17. Be3 Bf5 18. Bxf5 Rxf5 19. fxe5 dxe5 20. Rf1 Bd6 21. Rf2 Qe7 22. Raf1 Raf8 23. Kg2 R8f7 24. g4 Rxf2+ 25. Rxf2 Qh4 26. h3 e4 27. Nf4 Nc5 28. Ne2 Nd3 29. Qa4 Rxf2+ 30. Kg1 Rf8 31. Kg2 Ne1+ 32. Kg1 Qxh3 0-1

[Event "Ouro Preto Recanto Montanhas"]
[Site "Ouro Preto"]
[Date "2010.12.27"]
[Round "4.1"]
[White "De Freitas, Julio Eimard"]
[Black "Ramos, Bruce Vicente"]
[Result "0-1"]
[WhiteElo "1883"]
[BlackElo "1985"]
[PlyCount "102"]
[EventDate "2010.12.26"]
[EventType "tourn"]
[EventRounds "10"]
[EventCountry "BRA"]
[SourceTitle "EXT 2022"]
[Source "ChessBase"]
[SourceDate "2021.10.06"]
[SourceVersion "1"]
[SourceVersionDate "2021.10.06"]
[SourceQuality "1"]

1. d4 Nf6 2. c4 d6 3. Nc3 Nbd7 4. Nf3 e5 5. g3 Be7 6. Bg2 0-0 7. 0-0 c6 8. Qc2 Qc7 9. b3 Re8 10. Bb2 a5 11. Rac1 Bf8 12. e4 exd4 13. Nxd4 Nc5 14. Rfe1 Bd7 15. Qd2 a4 16. b4 a3 17. Ba1 Na6 18. Nc2 Be6 19. Nxa3 Nxb4 20. Ncb1 Na6 21. Bxf6 gxf6 22. Qb2 Bg7 23. Nd2 Nc5 24. Bf1 f5 25. e5 dxe5 26. Nab1 Rad8 27. Qa3 Qe7 28. Nf3 e4 29. Nh4 Nd3 30. Qxe7 Rxe7 31. Bxd3 Rxd3 32. f3 Red7 33. fxe4 fxe4 34. Rxe4 Rd1+ 35. Re1 Rxc1 36. Rxc1 Bb2 37. Re1 Bxc4 38. Nf5 Be6 39. Ne3 Bd4 40. Kg2 Bxe3 41. Rxe3 Bxa2 42. Nc3 Be6 43. Kg1 b5 44. Ne4 Rd1+ 45. Kf2 Rc1 46. Ng5 Rc2+ 47. Kg1 Bd5 48. Ne4 Bxe4 49. Rxe4 c5 50. h4 b4 51. h5 b3 0-1

[Event "Belo Horizonte op"]
[Site "Belo Horizonte"]
[Date "2010.06.06"]
[Round "6"]
[White "Rodrigues, Tiago Pereira"]
[Black "Ramos, Bruce Vicente"]
[Result "1-0"]
[WhiteElo "2124"]
[BlackElo "1973"]
[PlyCount "61"]
[EventDate "2010.06.03"]
[EventType "swiss"]
[EventRounds "7"]
[EventCountry "BRA"]
[SourceTitle "CBM 137 Extra"]
[Source "ChessBase"]
[SourceDate "2010.09.01"]
[SourceVersion "1"]
[SourceVersionDate "2010.09.01"]
[SourceQuality "1"]

1. e4 d6 2. d4 Nf6 3. f3 Nbd7 4. c4 e5 5. Be3 Be7 6. Nc3 0-0 7. d5 a5 8. Bd3 c6 9. Nge2 Qc7 10. h4 Nc5 11. g4 Nxd3+ 12. Qxd3 Nd7 13. Ng3 Nc5 14. Bxc5 dxc5 15. 0-0-0 Rd8 16. Nf1 Rb8 17. Ne3 b5 18. Qe2 bxc4 19. g5 Bb7 20. Qxc4 Qb6 21. Rh2 Ba6 22. Qa4 c4 23. Nf5 Bb4 24. Qxc6 Qa7 25. d6 Rb6 26. Qc7 Qxc7 27. dxc7 Rxd1+ 28. Kxd1 Rc6 29. Rd2 Rxc7 30. Rd8+ Bf8 31. Nd5 1-0

[Event "Mineiro-ch"]
[Site "Belo Horizonte"]
[Date "2010.01.09"]
[Round "9"]
[White "Machado, Gilmar Dias"]
[Black "Ramos, Bruce Vicente"]
[Result "0-1"]
[WhiteElo "1865"]
[BlackElo "1973"]
[PlyCount "88"]
[EventDate "2010.01.05"]
[EventType "tourn"]
[EventRounds "11"]
[EventCountry "BRA"]
[SourceTitle "EXT 2012"]
[Source "ChessBase"]
[SourceDate "2011.11.24"]
[SourceVersion "1"]
[SourceVersionDate "2011.11.24"]
[SourceQuality "1"]

1. e4 e6 2. d4 d5 3. e5 c5 4. c3 Qb6 5. Nf3 Bd7 6. a4 Nc6 7. Bb5 cxd4 8. cxd4 a6 9. Bxc6 Bb4+ 10. Nc3 bxc6 11. 0-0 Ne7 12. g4 a5 13. Ne2 Bc8 14. Kg2 Ba6 15. Rh1 h5 16. gxh5 Bxe2 17. Qxe2 Nf5 18. Be3 Rxh5 19. Rac1 Rc8 20. Rc2 Qd8 21. Rhc1 Nh4+ 22. Kf1 Kd7 23. Nd2 Rf5 24. Qa6 Qc7 25. f4 Ng6 26. Nb3 Nxf4 27. Bxf4 Rxf4+ 28. Ke2 Re4+ 29. Kd3 Rh8 30. Nc5+ Bxc5 31. Rxc5 Rh3+ 32. Kc2 Rxh2+ 33. Kb1 Ree2 34. Rb5 cxb5 35. Qxb5+ Kd8 36. Rxc7 Rxb2+ 37. Qxb2 Rxb2+ 38. Kxb2 Kxc7 39. Kc3 Kd7 40. Kd3 Ke7 41. Ke3 g5 42. Kf3 f5 43. exf6+ Kxf6 44. Kg4 Kg6 0-1

[Event "Mineiro-ch"]
[Site "Belo Horizonte"]
[Date "2010.01.08"]
[Round "8"]
[White "Ramos, Bruce Vicente"]
[Black "Da Silva, Osmar Miranda Jr"]
[Result "1-0"]
[WhiteElo "1973"]
[BlackElo "2110"]
[PlyCount "95"]
[EventDate "2010.01.05"]
[EventType "tourn"]
[EventRounds "11"]
[EventCountry "BRA"]
[SourceTitle "EXT 2012"]
[Source "ChessBase"]
[SourceDate "2011.11.24"]
[SourceVersion "1"]
[SourceVersionDate "2011.11.24"]
[SourceQuality "1"]

1. d4 Nf6 2. c4 g6 3. Nc3 Bg7 4. e4 d6 5. h3 0-0 6. Be3 e5 7. d5 Ne8 8. g4 a5 9. Nge2 Na6 10. Ng3 Nc5 11. Qd2 f5 12. Bg5 Bf6 13. Bxf6 Qxf6 14. exf5 gxf5 15. 0-0-0 fxg4 16. Nge4 Nxe4 17. Nxe4 Qf4 18. Bd3 Qxd2+ 19. Kxd2 gxh3 20. Rdg1+ Kf7 21. Ng5+ Ke7 22. Ke3 Nf6 23. f3 Bd7 24. Nxh3 Rg8 25. Ng5 h5 26. Bf1 c6 27. dxc6 bxc6 28. Ne4 Rxg1 29. Rxg1 Rg8 30. Rxg8 Nxg8 31. c5 d5 32. Nd6 Nh6 33. Bd3 h4 34. Nb7 Bf5 35. Bxf5 Nxf5+ 36. Kf2 a4 37. Na5 Nd4 38. Kg2 Kd7 39. Nb7 Ne6 40. Kh3 Kc7 41. Nd6 Nxc5 42. Nf7 Nd3 43. Kxh4 Kd7 44. Kg5 Ke7 45. Nh6 Ke6 46. Nf5 Nxb2 47. f4 exf4 48. Nd4+ 1-0

[Event "Belo Horizonte Minero sf"]
[Site "Belo Horizonte"]
[Date "2009.11.28"]
[Round "3.2"]
[White "Crespo de Oliveira, Lucas"]
[Black "Ramos, Bruce Vicente"]
[Result "1-0"]
[WhiteElo "2104"]
[BlackElo "1958"]
[PlyCount "69"]
[EventDate "2009.11.28"]
[EventType "swiss"]
[EventRounds "6"]
[EventCountry "BRA"]
[SourceTitle "EXT 2022"]
[Source "ChessBase"]
[SourceDate "2021.10.06"]
[SourceVersion "1"]
[SourceVersionDate "2021.10.06"]
[SourceQuality "1"]

1. e4 e6 2. d4 d5 3. Nc3 dxe4 4. Nxe4 Nd7 5. Nf3 Ngf6 6. Bg5 Be7 7. Bxf6 Nxf6 8. Bd3 0-0 9. Qe2 c6 10. 0-0-0 Qa5 11. Nxf6+ Bxf6 12. Kb1 Rd8 13. h4 Bd7 14. Ne5 Be8 15. Qe4 g6 16. h5 Qb6 17. hxg6 hxg6 18. Bc4 c5 19. d5 Qd6 20. Ng4 Bg7 21. Qf3 e5 22. Qh3 b5 23. Be2 c4 24. Qh7+ Kf8 25. Nh6 Bxh6 26. Qxh6+ Ke7 27. f4 Rac8 28. Qg5+ f6 29. Rh7+ Bf7 30. Qxg6 Rf8 31. Bh5 Qb4 32. Rxf7+ Rxf7 33. Qxf7+ Kd6 34. Qxf6+ Kc7 35. Qxe5+ 1-0

[Event "Caxambu op"]
[Site "Caxambu"]
[Date "2009.10.31"]
[Round "3.1"]
[White "Cubas, Jose Fernando"]
[Black "Ramos, Bruce Vicente"]
[Result "1-0"]
[WhiteElo "2475"]
[BlackElo "1958"]
[PlyCount "39"]
[EventDate "2009.10.30"]
[EventType "swiss"]
[EventRounds "7"]
[EventCountry "BRA"]
[SourceTitle "EXT 2022"]
[Source "ChessBase"]
[SourceDate "2021.10.06"]
[SourceVersion "1"]
[SourceVersionDate "2021.10.06"]
[SourceQuality "1"]

1. e4 e6 2. d4 d5 3. e5 c5 4. c3 Nc6 5. Nf3 Qb6 6. a3 Bd7 7. b4 cxd4 8. cxd4 Nge7 9. Be3 Nf5 10. Bd3 Nce7 11. Nc3 Rc8 12. Qd2 h5 13. 0-0 g6 14. b5 Qa5 15. Nxd5 Qxd2 16. Nf6+ Kd8 17. Bxd2 Bg7 18. Bg5 Rc3 19. Bxf5 gxf5 20. d5 1-0